| 000 | 006190000a22001810004500 | ||
|---|---|---|---|
| 003 | MACL | ||
| 005 | 20160218131538.0 | ||
| 008 | 160218b xxu||||| |||| 00| 0 eng d | ||
| 040 |
_aMACL _cMACL |
||
| 041 | _aHindi | ||
| 082 | _a380 | ||
| 100 |
_aमाहेशवरी डॉ. पी. डी _938862 |
||
| 245 | _aव्यापार एवं प्रशुल्क | ||
| 260 |
_bसुनील पब्लिशर्स एण्ड डिस्ट्रीब्यूटर्स _c1980 _aभोपाल |
||
| 350 | _a15 | ||
| 650 |
_aCommerce Trade _934436 |
||
| 942 |
_cHIN _k380 _2ddc |
||
| 999 |
_c27197 _d27197 |
||